Countries by One Terrible Sentence #2 - Statistics

General Stats
  • This quiz has been taken 61 times
  • The average score is 8 of 15
Answer Stats
Hint Answer % Correct
It's only known for Everest. Nepal
98%
Legend has it that if you bring pineapple and put it on a pizza, you get stabbed. Italy
93%
IKEA, that's pretty cool I guess. Sweden
93%
What is the first-person singular pronoun, past tense of run combined? Iran
87%
Joseph Stalin was born here and is the OG name. Georgia
75%
It's claim to fame is... pirates! Somalia
75%
Potato is good, but has its disadvantages. Ireland
69%
Islands that are going to die and are probably going to bring a language with its doom that looks like ދިވެހި. Maldives
42%
A really good country for a food pun. Hungary
40%
The cooler and more neutral version of the "quad-languages." Switzerland
38%
It is not a character from the Lion King, and has a lot of trillions of dollars! Zimbabwe
38%
You have humans on your flag, that's an immediate, egregious flag. Belize
36%
Pizarro slapped her grandmother in the face. Peru
29%
This country can't decide whether it should live or die. Poland
15%
It added red for some reason and left Jamaica behind. Mauritania
9%
No matching quizzes found
Score Distribution
Percent of People with Each Score
Percentile by Number Answered
Your Score History
You have not taken this quiz